LEADER 01334nas 2200397- 450 001 9910729724503321 005 20240715213016.0 011 $a2686-1542 035 $a(OCoLC)1389624384 035 $a(CKB)5490000000147446 035 $a(CONSER)--2024242814 035 $a(EXLCZ)995490000000147446 100 $a20230627a20199999 --- - 101 0 $aind 135 $aur||||||||||| 181 $ctxt$2rdacontent 182 $cc$2rdamedia 183 $acr$2rdacarrier 200 00$aIndonesian journal of Arabic studies 210 1$aCirebon :$cDepartment of Arabic Language and Literature, Faculty of Adab, IAIN Syekh Nurjati Cirebon,$d2019- 215 $a1 online resource 517 1 $aIJAS 606 $aArabic language$vPeriodicals 606 $aArabic language$xStudy and teaching$vPeriodicals 606 $aArabic literature$vPeriodicals 606 $aArabic literature$xStudy and teaching$vPeriodicals 608 $aPeriodicals.$2lcgft 615 0$aArabic language 615 0$aArabic language$xStudy and teaching 615 0$aArabic literature 615 0$aArabic literature$xStudy and teaching 712 02$aIAIN Syekh Nurjati Cirebon.$bJurusan Bahasa dan Sastra Arab, 906 $aJOURNAL 912 $a9910729724503321 996 $aIndonesian journal of Arabic studies$94184084 997 $aUNINA